00261nam a22001097a 450000500170000000800410001704000070005804100080006510000140007324500390008726000250012620230718142925.0230718b ||||| |||| 00| 0 eng d cAL aeng aDoshi S L aRelevance in sociological research aJaipurbRanwalc1991